| 000 | | | 03685nmc2a22002413x 450 |
| 001 | | | a2b03813-b6af-4700-b7f7-9c60b0dc035b |
| 005 | | | 20240229142901.0 |
| 100 | ## | $a | 20230531l19061908k l0rusy0189 ca |
| 101 | 0# | $a | rus |
| 102 | ## | $a | RU |
| 105 | ## | $a | y### |
| 122 | 2# | $a | d |
| 200 | 1# | $a | Высочайшие указы, данные на имя министра Императорского двора в 1906, 1907 и 1908 годах |
| | $j | 1 января 1906 г. - 6 декабря 1908 г. |
| 215 | ## | $a | 89 л. |
| | $d | 37х24 см |
| 251 | ## | $c | Дело |
| 300 | ## | $a | Книга №5 |
| 371 | ## | $a | Документ не является опубликованным и широко распространяемым |
| 461 | #0 | $1 | 0013d7c611c-06e8-448a-b7f5-c27d405dea74 |
| | $1 | 2001 |
| | $a | Общий план земель, купленных у графини Орловой-Чесменской |
| | $1 | 251 |
| | $c | Дело |
| | $1 | 852 |
| | $j | 1704 |
| 462 | #0 | $1 | 0013fdf18fa-0981-4b88-94e1-b2aefee42d7a |
| | $1 | 2001 |
| | $a | Высочайшие указы и всеподданнейшие доклады по Министерству императорского двора |
| | $1 | 251 |
| | $c | Опись |
| | $1 | 852 |
| | $j | 22 |
| 801 | #0 | $a | RU |
| | $b | РГИА |
| | $c | 20230531 |
| | $g | RCR |
| 801 | #1 | $a | RU |
| | $b | ГлавНИВЦ |
| | $c | 20230531 |
| | $2 | rusmarc |
| 801 | #2 | $a | RU |
| | $b | ПБ им. Б.Н. Ельцина |
| | $c | 20240229 |
| | $g | RCR |
| | $2 | rusmarc |
| 850 | ## | $a | РГИА |
| 852 | ## | $a | РГИА |
| | $e | Федеральное казенное учреждение "Российский государственный исторический архив" (РГИА) |
| | $j | 5 |
| 937 | ## | $h | РГИА |
| | $d | 12402890 |
| | $a | ASBIBLIO_SCAN |
| 035 | ## | $a | RusGRCC00067969 |
| 856 | ## | $u | http://readingroom.main.prlib.ru/item.aspx?id_node=n191150487&mode=full |